000 01567nam a2200457 a 4500
001 vtls000013836
003 NLI
005 20210601181533.0
008 101125s1996 enk 101 0 eng
020 _a1853124885 (set 2 vols)
_c£ 258.00
020 _a185312477X (v.1)
020 _a1853124877 (v.2)
039 9 _y201011250108
_zVLOAD
040 0 _aNLI
_beng
_cVERGIS-2003
041 0 _aeng
044 _aenk
082 0 4 _a629.048
111 2 _aInternational Conference on Computational Methods in Water Resources
_n(11th:
_dJul 1996:
_cMexico)
_951862
245 1 0 _aComputational methods in sub surface flow and transport problems/
_cedited by A.A. Aldama...[etal.]
260 _aSouthampton:
_bComputational Mechanics,
_c1996
300 _a2v.;
_c24 cm.
440 0 _aComputational methods in Water Resources
_vno.XI
_951863
500 _aLibrary has Vol. 1&2
505 _aVol. 1 -v. 2
650 0 _aTransportation
_xData processing
_951864
650 0 _aTransportation engineering
_xData processing
_951865
650 0 _aHighway engineering
_xData processing
_951866
700 1 _aAldama, A.A.,
_4edt
_951867
887 _aB. Umarani
901 _a531015
_b01/01/1998 v.1
901 _a531016
_b01/01/1998 v.2
902 _aE 629.048 C 739
903 _a03/03/2004
904 _aB. Umarani
906 _a012779
906 _a012780
949 _AVIRTUAITEM
_D10000
_F1
_X100
_6PUR000531015ENG
_9v.1
_aE 629.048 C739v1
942 _2ddc
_cBKS
949 _AVIRTUAITEM
_D10000
_F1
_X100
_6PUR000531016ENG
_9v.2
_aE 629.048 C739v2
999 _c19068
_d19068